| 000 | 00000nam##2200000za#4500 |
| 001 | 9.602634 |
| 003 | CaOODSP |
| 005 | 20240212134142 |
| 007 | cr ||||||||||| |
| 008 | 150406|1991||||xxc|||||o f|0| 0 fre|d |
| 040 | |aCaOODSP|bfre |
| 043 | |an-cn--- |
| 086 | 1 |aNE22-1/1991-1F-PDF |
| 110 | 1 |aCanada. |bOffice national de l'énergie. |
| 245 | 10|aMotifs de décision relativement à demandes déposées conformément à la Loi sur l'Office national de l'énergie par La Commission d'énergie électrique du Nouveau-Brunswick : |h[ressource électronique]|ben vue de l'exportation d'électricité aux sociétés suivantes - Eastern Maine Electric Cooperative, Inc., Houlton Water Company, Maine Electric Power Company, Maine Public Service Company, Massachusetts Municipal Wholesale Electric Company |
| 246 | 1 |iTitre de renvoi : |aEastern Maine Electric Cooperative, Inc., Houlton Water Company, Maine Electric Power Company, Maine Public Service Company, Massachusetts Municipal Wholesale Electric Company |
| 260 | |aOttawa - Ontario : |bOffice national de l'énergie |cJanvier 1991. |
| 300 | |a48p.|bcarte, tableaux |
| 490 | 1 |aMotifs de décision|vEW-1-90 / EW-2-90 |
| 500 | |aLe nº de catalogue (NE22-1/1991-1F) et l'ISBN (0-662-96636-8) de l'édition imprimée ont été incorrectement copiés dans cette édition électronique. |
| 590 | |a12-06-Supp|b2012-03-07 |
| 775 | 08|tReasons for decision in the matter of The New Brunswick Electric Power Commission : |w(CaOODSP)9.572247 |
| 830 | #0|aMotifs de décision (Canada. Office national de l'énergie)|vEW-1-90 / EW-2-90|w(CaOODSP)9.500899 |
| 856 | 40|ahttp://publications.gc.ca|qPDF|s226 Ko|uhttps://publications.gc.ca/collections/Collection/NE22-1-1991-1F.pdf|yEW-1-90 / EW-2-90 |